Aplicación de conceptos "Lean"al diseño de obras de ingeniería
Guardado en:
| 主要作者: | |
|---|---|
| 其他作者: | |
| 格式: | 圖書 |
| 語言: | Spanish |
| 出版: |
[San José ], Costa Rica
2019
|
| 主題: | |
| 標簽: |
添加標簽
沒有標簽, 成為第一個標記此記錄!
|
MARC
| LEADER | 00000nam a22000007a 4500 | ||
|---|---|---|---|
| 003 | 013106 | ||
| 005 | 20230504145858.0 | ||
| 008 | 190823b2019 c a|||| m||| 00| ||spa d | ||
| 040 | |c cru CEDI | ||
| 100 | |9 485 |a Miranda Guevara, Andrea María, 1986- | ||
| 245 | |a Aplicación de conceptos "Lean"al diseño de obras de ingeniería | ||
| 260 | |a [San José ], Costa Rica |c 2019 | ||
| 500 | |a Proyecto de graduación (licenciatura en ingeniería civil)--Universidad de Costa Rica. Facultad de Ingeniería. Escuela de Ingeniería Civil. | ||
| 501 | |a Director de Proyecto de Graduación: Ing. Robert Anglin Fonseca, M.Sc. | ||
| 650 | |x INGENIERÍA CIVIL |x INGENIERIA - PRODUCTIVIDAD DEL TRABAJO - CONTROL DE CALIDAD |x INGENIERÍA - DISEÑO Y CONSTRUCCIÓN | ||
| 700 | |9 186 |a Anglin Fonseca, Robert Anthony, 1967- |d Director del TFG | ||
| 942 | |c CEDI |h TFG 8256 |6 TFG_8256_000000000000000 | ||
| 999 | |c 21771 |d 21771 | ||
